000
00286nam a2200109Ia 4500
008
171211s9999 xx 000 0 und d
245
4
_a
The Golden Guide to Guns
245
_c
Larry Koller
260
_c
1961
650
_x
Military
856
_u
http://down.ebook777.com/020/B00K7UZP8A.pdf
999
_c
348327
_d
348327